Zur Gewinnbesteuerung von Körperschaften in der Europäischen Gemeinschaft

Na minha lista:
Detalhes bibliográficos
Autor principal: Koop, Michael J.
Formato: Livro
Idioma:alemão
Publicado em: Tübingen Mohr 1993
Edição:1. Aufl.
Colecção:Kieler Studien 259
Assuntos:
Tags: Adicionar Tag
Sem tags, seja o primeiro a adicionar uma tag!

MARC

LEADER 00000nam a2200000 4500
001 c005152
005 20221206075311.0
020 |a 3-16-146190-8 
041 0 |a ger 
044 |a DE 
245 1 0 |a Zur Gewinnbesteuerung von Körperschaften in der Europäischen Gemeinschaft  |c Michael J. Koop 
250 |a 1. Aufl. 
264 1 |a Tübingen  |b Mohr  |c 1993 
300 |a 153 s. 
490 1 |a Kieler Studien  |v 259 
830 0 |a Kieler Studien  |v 259 
610 2 0 |a trh vnútorný 
610 2 0 |a Európske spoločenstvá 
610 2 0 |a politika daňová 
610 2 0 |a zisk podnikový 
610 2 0 |a dane zo zisku 
610 2 0 |a spoločnosti obchodné 
610 2 0 |a dane z príjmov 
610 2 0 |a modely ekonomické 
610 2 0 |a hospodárstvo národné 
610 2 0 |a teória a prax 
610 2 0 |a stratégia hospodárska 
100 1 |a Koop, Michael J.